000 00510nam#a2200193#c#4500
003 IEF
005 20180219155848.0
008 950704s1962 uuu####fr####| 0||u| |u
040 _aIEF
100 1 _aHernández Esparza, Abdón
_921155
245 _aEl delito de defraudación fiscal : estudio dogmático.
260 _aMéxico
_b Ediciones Botas
_c1962
650 4 _aDEFRAUDACION
_941786
650 4 _aDELITO FISCAL
_941798
650 4 _aESTUDIOS
_943582
942 _cLIB
942 _z70064
999 _c52041
_d52041